Halbgruppen und Automaten /
Na minha lista:
| Autor principal: | |
|---|---|
| Formato: | Livro |
| Idioma: | alemão |
| Publicado em: |
Berlin :
Springer Verlag,
1971
|
| Tags: |
Sem tags, seja o primeiro a adicionar uma tag!
|
MARC
| LEADER | 00000nam a22000003a 4500 | ||
|---|---|---|---|
| 001 | stu4904 | ||
| 005 | 20150617225812.1 | ||
| 008 | 931201s1971----gw------------------ger-d | ||
| 020 | |a 3-540-05606-8 | ||
| 040 | |a STU |b slo | ||
| 041 | 0 | |a ger | |
| 044 | |a gw | ||
| 080 | |a 621.391-501 | ||
| 080 | |a 519.4 | ||
| 100 | 1 | |a Deussen, Peter |4 aut | |
| 245 | 1 | |a Halbgruppen und Automaten / |c [aut.] Deussen,Peter | |
| 260 | |a Berlin : |b Springer Verlag, |c 1971 | ||
| 300 | |a 196 s | ||
| 996 | |b E78600 |c E*78600 |l EE03 |s P |a 0 |w stu4904_0001 | ||